[Event "FRA-ch op-C"]
[Site "L'Alpe d'Huez"]
[Date "2023.08.26"]
[Round "8"]
[White "Bedus, Nicolas"]
[Black "Telleria, Kelian"]
[Result "1-0"]
[WhiteElo "1670"]
[BlackElo "1657"]
[PlyCount "127"]
[EventDate "2023.08.19"]
[EventType "swiss"]
[EventRounds "9"]
[EventCountry "FRA"]
[SourceTitle "EXT 2024"]
[Source "ChessBase"]
[SourceDate "2023.10.10"]
[SourceVersion "1"]
[SourceVersionDate "2023.10.10"]
[SourceQuality "1"]

1. Nf3 f5 2. e4 fxe4 3. Ng5 Nf6 4. d3 d5 5. dxe4 h6 6. Nf3 dxe4 7. Qxd8+ Kxd8 8. Ne5 Be6 9. Nc3 Nbd7 10. Nxd7 Bxd7 11. Bf4 e6 12. 0-0-0 Bc5 13. Bc4 Ke7 14. Rd2 Bc6 15. Re2 Bd6 16. Bg3 Bxg3 17. hxg3 Bd5 18. Bxd5 exd5 19. f3 Kf7 20. fxe4 dxe4 21. Nxe4 Rhe8 22. Rhe1 Nxe4 23. Rxe4 Rxe4 24. Rxe4 Re8 25. Rxe8 Kxe8 26. Kd2 Ke7 27. Ke3 Kf6 28. Kf4 g5+ 29. Ke4 Ke6 30. g4 c5 31. c4 a6 32. a4 a5 33. b3 b6 34. g3 Ke7 35. Ke5 Kf7 36. Kd5 Kg6 37. Kc6 h5 38. gxh5+ Kxh5 39. Kxb6 Kg4 40. Kxa5 Kxg3 41. Kb5 Kf4 42. a5 g4 43. a6 g3 44. a7 g2 45. a8Q g1Q 46. Qf8+ Ke4 47. Qxc5 Qg3 48. b4 Qb8+ 49. Qb6 Qe5+ 50. c5 Kf5 51. Ka6 Qa1+ 52. Kb7 Qg7+ 53. Qc7 Qb2 54. Qd7+ Ke4 55. b5 Qe5 56. b6 Ke3 57. c6 Qe4 58. Kb8 Qe5+ 59. c7 Kf4 60. Qc6 Kg5 61. Kb7 Qe7 62. Qd5+ Kg6 63. Kb8 Qb4 64. Qc6+ 1-0